All night long (Record no. 478171)

MARC details
000 -LEADER
fixed length control field 00471nam a2200181Ia 4500
003 - CONTROL NUMBER IDENTIFIER
control field 3228
005 - DATE AND TIME OF LATEST TRANSACTION
control field 20251031130605.0
008 - FIXED-LENGTH DATA ELEMENTS--GENERAL INFORMATION
fixed length control field 210818s9999 xx 000 0 und d
020 ## - INTERNATIONAL STANDARD BOOK NUMBER
International Standard Book Number 9780749936242
022 ## - INTERNATIONAL STANDARD SERIAL NUMBER
International Standard Serial Number 9780749936242
040 ## - CATALOGING SOURCE
Original cataloging agency MPL
Transcribing agency 3228
082 #0 - DEWEY DECIMAL CLASSIFICATION NUMBER
Classification number EF KREN
100 ## - MAIN ENTRY--PERSONAL NAME
Personal name KRENTZ, Jayne Ann London, 2005
9 (RLIN) 41959
245 #0 - TITLE STATEMENT
Title All night long
260 ## - PUBLICATION, DISTRIBUTION, ETC.
Place of publication, distribution, etc. London:
Name of publisher, distributor, etc. Piatkus,
Date of publication, distribution, etc. 2005
300 ## - PHYSICAL DESCRIPTION
Extent 400 pages
Other physical details Illustrations
Dimensions 22,5 cm
942 ## - ADDED ENTRY ELEMENTS
item type Books
Source of classification or shelving scheme Dewey Decimal Classification
-- 282
-- Emmerencia Nonyane
Holdings
Withdrawn status Lost status Damaged status Not for loan Home library Current library Date acquired Cost, normal purchase price Total Checkouts Barcode Date last seen Price effective from item type Source of classification or shelving scheme Collection code Shelving location Full call number
        Phola PL (MMID-PLEM-PHOL) Phola PL (MMID-PLEM-PHOL) 03.03.2026     33228020343180 03.03.2026 03.03.2026 Books Library of Congress Classification Fiction Fiction EF KREN
        Sabie Public Library (Closed for renovations) Sabie Public Library (Closed for renovations) 23.08.2021 100.00   33228019189792 23.08.2021 23.08.2021 Books        
        eMbalenhle eMbalenhle 18.06.2026     33228017680826 18.06.2026 18.06.2026 Book Dewey Decimal Classification Fiction Fiction EF KREN